000 00783nam a2200205Ii 4500
003 JO-AjNU
008 230605s9999||||xx |||||||||||||| ||und||
017 _a1987/8/378
040 _aJO-AjNU
_bara
_erda
_cJO-AjNU
041 _aara
050 1 4 _aPJ7543.M6612 1987
100 3 _aمونرو، جيمس ؛ ترجمة وتقديم إبراهيم السنجلاوي ؛ يوسف الطراونة,
_eauthor
_936003
245 0 0 _aالنظم الشفوي في شعر ما قبل الإسلام: مشكلة الموثوقية
264 3 1 _aإربد: مكتبة الكتاني، 1987
300 _a80ص
336 _atext
_btxt
_2rdacontent
337 _aunmediated
_bn
_2rdamedia
338 _avolume
_bnc
_2rdacarrier
650 4 _aالشعر الجاهلي - تاريخ ونقد
_936004
999 _aA14919
_c18487
_d18487